Tudor England and its neighbours

This new study of Tudor international relations is the first in nearly thirty years.Glenn Richardson and Susan Doran have assembled a team of scholars who bring fresh developments in cultural, gender and institutional history to bear upon the question of England's place in Europe and beyond bet...

Descripción completa

Guardado en:
Detalles Bibliográficos
Autor principal: Doran, Susan
Formato: Libro
Lenguaje:Undetermined
Publicado: New York Palgrave Macmillan 2005
Materias:
Etiquetas: Agregar Etiqueta
Sin Etiquetas, Sea el primero en etiquetar este registro!
Thư viện lưu trữ: Trung tâm Học liệu Trường Đại học Cần Thơ
LEADER 01003nam a2200229Ia 4500
001 CTU_116532
008 210402s9999 xx 000 0 und d
020 |c 421000 
082 |a 942.05 
082 |b D693 
100 |a Doran, Susan 
245 0 |a Tudor England and its neighbours 
245 0 |c Edited by Susan Doran, Glann Richardson 
260 |a New York 
260 |b Palgrave Macmillan 
260 |c 2005 
520 |a This new study of Tudor international relations is the first in nearly thirty years.Glenn Richardson and Susan Doran have assembled a team of scholars who bring fresh developments in cultural, gender and institutional history to bear upon the question of England's place in Europe and beyond between 1485 and 1603. 
650 |a Tudor, House of,Great Britain,Great Britain,England 
650 |x History,Foreign relations,Civilization 
650 |y Tudors, 1485-1603,1485-1603,16th century 
904 |i Hiếu 
980 |a Trung tâm Học liệu Trường Đại học Cần Thơ